01026 a2200157 45000010006000000050017000060080041000230030015000640400040000790800120001192450088002392640126003273000019004535050292004721000104007645917220260407155846.0260407a1986 arg spa dAR-UNSa-BCEJYS aAR-UNSa-BCEJYSbspacAR-UNSa-BCEJYS a330(8)xEconomía de América del Sur. Estados y Regiones de América del Sur. América Latina. Iberoamérica 10aOrdenamiento jurídico de la interación económica regional en América Latina 1aBuenos Aires :bBID/INTAL (Banco Interamericano de Desarrollo. Instituto para la integración de América Latina)c1986 a225 p.c23 cm. aTomo I: 1. Asociación Latinoamericana de Integración (ALADI) – 2. Grupo Andino – 3. Mercado común Centroamericano (MCCA) – Tomo II: 4. Comunidad del Caribe (CARICOM) – 5. Sistema Económico Latinoamericano (SELA) – 6. Cuenca del Plata – 7. Cooperación Amazónica - 1 aBanco Interamericano de Desarrollo. Instituto para la Integración de América Latina (BID-INTAL)